[Event "Asuncion CIT op"]
[Site "Asuncion"]
[Date "2023.08.18"]
[Round "9"]
[White "Munoz Orozco, Shirley Grace"]
[Black "Benitez Sanabria, Diego Isaias"]
[Result "1-0"]
[WhiteElo "1369"]
[BlackElo "1134"]
[PlyCount "83"]
[EventDate "2023.08.12"]
[EventType "swiss"]
[EventRounds "9"]
[EventCountry "PAR"]
[SourceTitle "CBM 215 Extra"]
[Source "ChessBase"]
[SourceDate "2023.09.30"]
[SourceVersion "1"]
[SourceVersionDate "2023.09.30"]
[SourceQuality "1"]

1. e4 d6 2. d4 Nf6 3. Nc3 g6 4. Be3 c6 5. Qd2 b5 6. f3 h5 7. Bd3 Nbd7 8. Nh3 Bb7 9. Ng5 e5 10. h4 a6 11. Kf2 c5 12. dxc5 Nxc5 13. Be2 b4 14. Nd5 Bxd5 15. exd5 a5 16. Bb5+ Ncd7 17. Bc6 Ra6 18. Bb7 Rb6 19. Bc6 Ra6 20. a3 bxa3 21. Rxa3 Qc8 22. Qc3 Be7 23. Bb5 Qxc3 24. Rxc3 Ra8 25. Rc7 Bd8 26. Rb7 Ke7 27. c4 Rf8 28. Ne4 Rb8 29. Ra7 Nxe4+ 30. fxe4 Bb6 31. Rxd7+ Kf6 32. Rxd6+ Kg7 33. Rxb6 Rxb6 34. Bxb6 f5 35. Rf1 fxe4+ 36. Ke2 Ra8 37. Ra1 Kf6 38. Rxa5 Rxa5 39. Bxa5 Ke7 40. Bc7 Kf6 41. d6 Ke6 42. d7 1-0

[Event "Asuncion CIT op"]
[Site "Asuncion"]
[Date "2023.08.16"]
[Round "7"]
[White "Munoz Orozco, Shirley Grace"]
[Black "Franco Franchi, Sol Larissa"]
[Result "1-0"]
[WhiteElo "1369"]
[BlackElo "1064"]
[PlyCount "47"]
[EventDate "2023.08.12"]
[EventType "swiss"]
[EventRounds "9"]
[EventCountry "PAR"]
[SourceTitle "CBM 215 Extra"]
[Source "ChessBase"]
[SourceDate "2023.09.30"]
[SourceVersion "1"]
[SourceVersionDate "2023.09.30"]
[SourceQuality "1"]

1. e4 c5 2. Nf3 Nc6 3. c4 Qc7 4. d4 e6 5. Nc3 Qa5 6. Be2 Be7 7. 0-0 d6 8. Be3 Nf6 9. Qc2 Ng4 10. d5 Nxe3 11. fxe3 Nb4 12. Qb3 Bf6 13. a3 Na6 14. Nb5 Qb6 15. Rad1 0-0 16. dxe6 Be7 17. exf7+ Rxf7 18. e5 dxe5 19. Qc3 e4 20. Ne5 Bf6 21. Rd6 Bxe5 22. Qxe5 Qxd6 23. Nxd6 Rxf1+ 24. Bxf1 1-0

[Event "PAR-ch sf"]
[Site "Asuncion"]
[Date "2022.06.11"]
[Round "3"]
[White "Munoz Orozco, Shirley Grace"]
[Black "Palazuelos Lopez, Carlos Ezequiel"]
[Result "1-0"]
[WhiteElo "1290"]
[BlackElo "1035"]
[PlyCount "107"]
[EventDate "2022.06.10"]
[EventType "swiss"]
[EventRounds "7"]
[EventCountry "PAR"]
[SourceTitle "EXT 2023"]
[Source "ChessBase"]
[SourceDate "2022.10.05"]
[SourceVersion "1"]
[SourceVersionDate "2022.10.05"]
[SourceQuality "1"]

1. e4 e6 2. d4 d5 3. Nc3 Nf6 4. Bg5 Be7 5. e5 Nfd7 6. h4 Bxg5 7. hxg5 Qxg5 8. Nh3 Qe7 9. Qg4 f6 10. f4 fxe5 11. fxe5 Nb6 12. Bd3 N8d7 13. Ng5 Nf8 14. Nxh7 Nxh7 15. Bg6+ Kd8 16. Rxh7 Rxh7 17. Bxh7 Bd7 18. 0-0-0 Kc8 19. Rh1 c6 20. Rh5 Kc7 21. Qg5 Qf8 22. Bd3 Re8 23. Rh1 Re7 24. Bg6 Nc8 25. Ne2 Be8 26. Bxe8 Qxe8 27. Nf4 Rf7 28. g3 Qe7 29. Qg6 Kd7 30. Rh7 Qe8 31. Rxg7 Rxg7 32. Qxg7+ Qe7 33. Qxe7+ Nxe7 34. g4 Ng8 35. c3 Nh6 36. g5 Nf5 37. Kd2 Ke7 38. g6 Ng7 39. Ke2 b6 40. b4 Nf5 41. Kf3 a5 42. bxa5 bxa5 43. a4 Nh4+ 44. Kg4 Nf5 45. Kg5 Ng7 46. Nh5 Kf8 47. Kh6 Nf5+ 48. Kh7 Ne7 49. Ng7 Nxg6 50. Kxg6 Ke7 51. Nh5 Kd7 52. Kf6 c5 53. Nf4 cxd4 54. cxd4 1-0

[Event "Ita op 1st"]
[Site "Ita"]
[Date "2022.02.12"]
[Round "4"]
[White "Munoz Orozco, Shirley Grace"]
[Black "Ruiz Diaz, Jorge"]
[Result "1/2-1/2"]
[WhiteElo "1261"]
[BlackElo "1674"]
[PlyCount "42"]
[EventDate "2022.02.11"]
[EventType "swiss"]
[EventRounds "7"]
[EventCountry "PAR"]
[SourceTitle "EXT 2023"]
[Source "ChessBase"]
[SourceDate "2022.10.05"]
[SourceVersion "1"]
[SourceVersionDate "2022.10.05"]
[SourceQuality "1"]

1. e4 c5 2. Nc3 a6 3. a4 d6 4. g3 Nc6 5. Bg2 e5 6. d3 h6 7. Nge2 Nf6 8. 0-0 Be7 9. Be3 Nd4 10. h3 Be6 11. Nd5 Nxe2+ 12. Qxe2 Bxd5 13. exd5 0-0 14. c4 Nh7 15. a5 f5 16. f4 exf4 17. Bxf4 Rf6 18. Be3 Qd7 19. d4 Bf8 20. dxc5 dxc5 21. Qd3 g5 1/2-1/2